Responses for Show #3754 - Thursday, December 21, 2000

Contestants

[<< previous game]

Joe Maravillas, a software engineer from Richmond, California

Greg Sondern, an investment portfolio manager from San Francisco, California

Robin Jones, a technical editor and writer from Urbana, Illinois (whose 1-day cash winnings total $10,401)

[next game >>]

Jeopardy! Round responses

THE SILVER STATE
HOMOPHONES
IT'S A SEQUEL
LET'S PLAY DOCTOR
WISH YOU WERE HERE!
(Alex: And finally, an all-video category...)
AMERICAN SIGN LANGUAGE
    $100 4
Las Vegas

Joe
    $100 1
mousse/moose

Joe
    $100 13
Return of the Jedi

Joe
    $100 18
the hip

Joe
    $100 25
Disneyland

Greg
    $100 5
(Greg: What is an orange?)

a banana

RobinGreg
    $200 8
red

Robin
    $200 2
palette/palate

Robin
    $200 14
(Robin: What is Return to Thunderdome?)

The Road Warrior

RobinGreg
    $200 19
prostate cancer

Robin
    $200 26
Amsterdam

Greg
    $200 9
a butterfly

Joe
    $300 22
(Joe: What is a train?)

Stagecoach

GregJoe
    $300 3
sealing/ceiling

Greg
    $300 15
Rocky V

Greg
    $300 20
(Joe: What is timpani?)

percussion

RobinJoe
    $300 27
(Greg: What is Delhi?)

the Taj Mahal

Greg
Triple Stumper
    $300 10
(Greg: What is an orchid?)

an onion

RobinGreg
    $400 23
(Joe: What are the '20s?)
...
(Alex: Less than a minute to go.)

1930s

GregJoe
    $500 6
ode/owed

Robin
    $400 16
Airplane II

Greg
    $400 21
blood pressure

Joe
    $400 28
[The end-of-round signal sounds.]

The Ginza

Triple Stumper
    $400 11
cats

Robin
    $500 24
Carson City

Greg
    $500 7
piece/peace

Greg
    $500 17
the Dream Warriors

Joe
    $500 12
a rainbow

Robin

Scores at the first commercial break (after clue 15):

Robin Greg Joe
$2,000 $900 $500

Scores at the end of the Jeopardy! Round:

Robin Greg Joe
$2,500 $2,500 $500

Double Jeopardy! Round responses

GLORY TO THE NEWBORN KING
(Alex: We want you to name the king for us.)
QUICK AS A FLASH
ATTORNEY AUTHORS
TELEVISION
BARRE TENDERS
"CHAT" ROOM
    $200 21
William the Conqueror

Joe
    $200 16
Flash Gordon

Joe
    $200 6
John Grisham

Triple Stumper
    $200 1
Judging Amy

Robin
    $200 8
Chattanooga

Greg
    $400 22
King Hussein

Greg
    $400 17
the flash point

Robin
    $400 7
Erle Stanley Gardner

Triple Stumper
    $400 2
Survivor

Joe
    $400 26
Mikhail Baryshnikov

Robin
    $400 9
chatterbox

Joe
    $2,000 23
(Greg: Who is Charlemagne?)
...
(Alex: We have about a minute left in the round.)

Louis XIV

Greg
    $600 18
flashing

Joe
    $600 13
Alan Dershowitz

Robin
    $600 3
Valerie Harper

Robin
    $600 27
Dame Margot Fonteyn

Triple Stumper
    $600 10
Lady Chatterley's Lover

Greg
    $800 24
George III

Greg
    $800 19
Mary Hartman, Mary Hartman

Triple Stumper
    $800 14
Christopher Darden

Robin
    $800 4
Live from the House of Blues

Triple Stumper
    $800 28
[The end-of-round signal sounds.]

George Balanchine

Triple Stumper
    $800 11
Chattahoochee River

Triple Stumper
    $1000 25
King Farouk

Triple Stumper
    $1000 20
(Robin: Who is Grandmaster Flash?)

Flash Cadillac

Robin
Triple Stumper
    $1000 15
Vincent Bugliosi

Triple Stumper
    $1000 5
Juliet Mills

Triple Stumper
    $1000 12
chattel

Robin

Scores at the end of the Double Jeopardy! Round:

Robin Greg Joe
$5,500 $2,500 $2,300
(lock game)

[wagering suggestions for these scores]

Final Jeopardy! Round responses

PLANTS & FLOWERS
(Alex: Our first minister to Mexico was a man named J.R. Poinsett, and hence we have the [*], which is a flower he brought back from that part of the world, and it's associated with this season, of course.)
JoeWhat is ?
$2,299
GregWhat is the Roosevelt Rose
$2,498
RobinWhat was ?
$500
Poinsettia

Final scores:

Robin Greg Joe
$5,000 $2 $1
2-day champion: $15,401 2nd place: Trip to Palm Island Resort, the Grenadines 3rd place: CompUSA Gift Certificate

Game dynamics:

Coryat scores:

Robin Greg Joe
$5,400 $4,500 $2,300
16 R
(including 2 DDs),
2 W
14 R,
4 W
(including 1 DD)
12 R,
3 W

Combined Coryat: $12,200

[game clues] [game scores] [suggest correction]

Game tape date: 2000-10-25
The J! Archive is created by fans, for fans. Scraping, republication, monetization, and malicious use prohibited; this site may use cookies and collect identifying information. See terms. The Jeopardy! game show and all elements thereof, including but not limited to copyright and trademark thereto, are the property of Jeopardy Productions, Inc. and are protected under law. This website is not affiliated with, sponsored by, or operated by Jeopardy Productions, Inc. Join the discussion at JBoard.tv.